| 000 | 00994nam a22003137a 4500 | ||
|---|---|---|---|
| 001 | 5211 | ||
| 003 | FISKH | ||
| 005 | 20241119102518.0 | ||
| 008 | 241119b cb ||||| |||| 00| 0 eng d | ||
| 020 | _a356590083185 | ||
| 040 |
_aFISKH _beng _cFISKH _dFISKH |
||
| 050 | _aTJ211 | ||
| 082 | _a629.8 | ||
| 100 | _aPotter, Tony | ||
| 245 |
_aRobotics : _bWhat robots can do and how they work / _cby Tony Potter |
||
| 250 | _aFirst published in 1983 | ||
| 260 |
_aLondon : _bUsborne Publishing Ltd ; _c1983 . |
||
| 300 |
_a48 pages : _bcolor illustrations ; _c25 cm . |
||
| 490 | _aNew Technology | ||
| 505 | _aX | ||
| 520 | _aExcellent backup to schoolwork Contain experiments, puzzles and games to reinforce and enliven theoretical learning. | ||
| 521 | 8 |
_a890
_bLexile estimate |
|
| 521 | 8 |
_aX
_bRaz-Plus |
|
| 650 |
_arobotics _vnon-fiction |
||
| 650 |
_atechnology _vnon-fiction |
||
| 700 |
_aGower, Jeremy _eillustrator |
||
| 942 |
_2ddc _cBK _n0 |
||
| 999 |
_c5211 _d5211 |
||